000 01329cam a22003854a 4500
001 15787006
003 OSt
005 20140310182451.0
008 090620s2009 enkaf b 001 0 eng
010 _a 2009024542
015 _aGBA967198
_2bnb
016 7 _a101508685
_2DNLM
016 7 _a015307589
_2Uk
020 _a9780521720687 (pbk.)
020 _a0521720680 (pbk.)
035 _a(OCoLC)ocn311769547
040 _aDNLM/DLC
_cDLC
_dNLM
_dBTCTA
_dUKM
_dBWKUK
_dDLC
042 _apcc
050 0 0 _aRG 651
_b.B47 2009
060 1 0 _aWQ 300
_bB561 2009
245 0 0 _aBest practice in labour and delivery /
_cedited by Richard Warren, Sabaratnam Arulkumaran.
260 _aCambridge ;
_aNew York :
_bCambridge University Press,
_cc2009.
300 _a362 p. :
_bill. (some col.) ;
_c25 cm.
500 _aIncludes bibliographical references and index.
650 0 _aChildbirth.
_98111
650 1 2 _aLabor, Obstetric.
_98112
650 2 2 _aBirth Injuries
_xprevention & control.
_98113
650 2 2 _aDelivery, Obstetric
_xmethods.
_98114
700 1 _aWarren, Richard,
_d1953 May 12-
_98115
700 1 _aArulkumaran, Sabaratnam.
_98116
906 _a7
_bcbc
_corignew
_d1
_eecip
_f20
_gy-gencatlg
942 _2lcc
_cSSLC
999 _c13676
_d13676